00801nam a22002657a 450000500170000001000150001702000260003203500140005803700090007208200080008110000150008924501030010426000880020727000430029530000190033870000210035770000150037870000230039370000230041670000220043970000190046170000190048070000170049970000190051620240521125950.0 aENG-140387 a9789394609204c225.00 aEN-123919 bDBAD a572 aShanthi, B aPhase I-I MBBS Competency Curriculam Based Biochemistry Practical Manual/cBy B. Shanthi...[et.al] aTamil NadubDepartment Of Biochemistry Sree Balaji Medical College & Hospitalc2022 aChromepet, ChennaibTamil Nadue600044 a97p.c28cm(pb) aSelvi, V.S Kalai aSumathi, K aChandrika, A. Mary aShenbagalalitha, S aSridevi, Chaganti aRani, A.Jamuna aV.P, Nivedhini aVasudeven, E aMahalakshmi, M